Oracle8i DBA handbook / (Record no. 176961)

MARC details
000 -LEADER
fixed length control field 00875nam a2200241 4500
001 - CONTROL NUMBER
control field vtls001564360
003 - CONTROL NUMBER IDENTIFIER
control field MY-SjTCS
005 - DATE AND TIME OF LATEST TRANSACTION
control field 20200226121124.0
008 - FIXED-LENGTH DATA ELEMENTS--GENERAL INFORMATION
fixed length control field 110218 2000 00 eng
020 ## - INTERNATIONAL STANDARD BOOK NUMBER
International Standard Book Number 0072121882
039 #9 - LEVEL OF BIBLIOGRAPHIC CONTROL AND CODING DETAIL [OBSOLETE]
Level of rules in bibliographic description 201910021610
Level of effort used to assign nonsubject heading access points dianafitri
Level of effort used to assign subject headings 201904011004
Level of effort used to assign classification wilmina
Level of effort used to assign subject headings 201809071441
Level of effort used to assign classification VLOAD
Level of effort used to assign subject headings 201102181734
Level of effort used to assign classification VLOAD
-- 200407271902
-- VLOAD
082 04 - DEWEY DECIMAL CLASSIFICATION NUMBER
Classification number 005.7585
Item number LON
100 1# - MAIN ENTRY--PERSONAL NAME
Personal name Loney, Kevin.
9 (RLIN) 95938
245 10 - TITLE STATEMENT
Title Oracle8i DBA handbook /
Statement of responsibility, etc. Kevin Loney, Marlene Theriault
260 ## - PUBLICATION, DISTRIBUTION, ETC.
Place of publication, distribution, etc. Berkeley, Calif. :
Name of publisher, distributor, etc. Osborne/McGraw-Hill,
Date of publication, distribution, etc. c2000
300 ## - PHYSICAL DESCRIPTION
Extent xxiv, 979 p. ;
Dimensions 23 cm.
500 ## - GENERAL NOTE
General note Covers Oracle releases 7.x through 8i
525 ## - SUPPLEMENT NOTE
Supplement note Accompanied by : 1 computer laser optical disc (4 3/4 in. )
650 #0 - SUBJECT ADDED ENTRY--TOPICAL TERM
Topical term or geographic name entry element Oracle (Computer file)
650 #0 - SUBJECT ADDED ENTRY--TOPICAL TERM
Topical term or geographic name entry element Relational databases.
700 1# - ADDED ENTRY--PERSONAL NAME
Personal name Theriault, Marlene.
Relator term (j.a.)
9 (RLIN) 96237
920 ## - Programme
Programme ADP : 92114, CD389
Holdings
Withdrawn status Lost status Source of classification or shelving scheme Damaged status Not for loan Collection code Home library Current library Date acquired Total Checkouts Barcode Date last seen Date last checked out Copy number Koha item type Public note
Withdrawn   Dewey Decimal Classification     Please fill up online form at https://taylorslibrary.taylors.edu.my/services/external_storage1 Taylor's Library-TU TU External Storage-LCS 27/07/2004   1000032834 12/12/2019 27/07/2004 1 Main Collection ADTP, 92114
    Dewey Decimal Classification       Taylor's Library-TU Taylor's Library-TU 27/07/2004   1000032707 12/12/2019 05/06/2009 1 Accompanying Material (Media Resource) SLASx,05000,03,GR